Psych Episodes - Statistics

General Stats
  • This quiz has been taken 190 times
  • The average score is 32 of 120
Answer Stats
No. Title % Correct
1 Pilot
92%
2 Spellingg Bee
82%
81 Last Night Gus
58%
95 Santabarbaratown
55%
75 Dual Spires
52%
16 American Duos
51%
12 Cloudy... With a Chance of Murder
48%
63 Mr. Yin Presents...
48%
15 Scary Sherry: Bianca's Toast
48%
47 An Evening with Mr. Yang
47%
64 Romeo and Juliet and Juliet
47%
56 Shawn Takes a Shot in the Dark
44%
102 Deez Nups
43%
106 Office Space
43%
17 65 Million Years Off
42%
5 9 Lives
40%
90 Heeeeere's Lassie
40%
46 Tuesday the 17th
39%
79 Yang 3 in 2D
38%
96 Santabarbaratown 2
36%
120 The Break-Up
36%
36 Disco Didn't Die. It Was Murdered!
35%
32 Ghosts
35%
31 Shawn (and Gus) of the Dead
35%
82 This Episode Sucks
35%
59 A Very Juliet Episode
34%
40 Christmas Joy
34%
48 Extradition: British Columbia
34%
110 Psych: The Musical
34%
18 Psy vs. Psy
34%
100 100 Clues
32%
25 Gus' Dad May Have Killed an Old Guy
32%
42 Lassie Did a Bad, Bad Thing
32%
68 Shawn and Gus in Drag (Racing)
32%
77 The Polarizing Express
32%
30 Black and Tan: A Crime of Fashion
31%
34 Daredevils!
31%
98 Lassie Jerky
31%
21 Meat Is Murder, But Murder Is Also Murder
31%
71 Shawn 2.0
31%
80 Shawn Rescues Darth Vader
31%
38 Talk Derby to Me
31%
57 You Can't Handle This Episode
31%
24 Bounty Hunters!
30%
14 Poker? I Barely Know Her
30%
55 Let's Get Hairy
29%
3 Speak Now or Forever Hold Your Piece
29%
78 Dead Bear Walking
27%
10 From the Earth to Starbucks
27%
39 Gus Walks into a Bank
27%
119 A Nightmare on State Street
26%
53 Bollywood Homicide
26%
45 Truer Lies
26%
6 Weekend Warriors
26%
93 Autopsy Turvy
25%
72 One, Maybe Two, Ways Out
25%
52 Shawn Gets the Yips
25%
58 Thrill Seekers and Hell Raisers
25%
104 Juliet Wears the Pantsuit
23%
28 Lights, Camera... Homicidio
23%
103 Right Turn or Left for Dead
23%
8 Shawn vs. the Red Phantom
23%
62 The Head, the Tail, the Whole Damn Episode
23%
61 Think Tank
23%
7 Who Ya Gonna Call?
23%
60 Death Is in the Air
22%
97 Juliet Takes a Luvvah
22%
33 Murder? ... Anyone? ... Anyone? ... Bueller?
22%
23 Rob-a-Bye Baby
22%
65 Feet Don't Kill Me Now
21%
9 Forget Me Not
21%
50 High Noon-ish
21%
88 Neil Simon's Lover's Retreat
21%
85 Shawn Interrupted
21%
26 There's Something About Mira
21%
87 The Tao of Gus
21%
29 Dis-Lodged
19%
73 Extradition II: The Actual Extradition Part
19%
49 He Dead
19%
54 High Top Fade-Out
19%
99 No Country for Two Old Men
19%
109 No Trout About It
19%
105 Santa Barbarian Candidate
19%
114 Someone's Got a Woody
19%
94 True Grits
19%
69 Viagra Falls
19%
20 And Down the Stretch Comes Murder
18%
118 A Touch of Sweevil
18%
107 Dead Air
18%
70 Ferry Tale
18%
13 Game, Set... Muuurder?
18%
112 S.E.I.Z.E. the Day
18%
43 Earth, Wind and... Wait for It
17%
22 If You're So Smart, Then Why Are You Dead?
17%
117 Shawn and Gus Truck Things Up
17%
91 Shawn and the Real Girl
17%
35 The Greatest Adventure in the History of Basic Cable
17%
27 The Old and the Restless
17%
76 We'd Like to Thank the Academy
17%
115 Cog Blocked
16%
11 He Loves Me, He Loves Me Not, He Loves Me, Oops He's Dead!
16%
86 In for a Penny...
16%
92 Let's Doo-Wop It Again
16%
108 Nip and Suck It
16%
41 Six Feet Under the Sea
16%
84 Dead Man's Curveball
14%
4 Woman Seeking Dead Husband: Smokers Okay, No Pets
14%
67 Chivalry Is Not Dead... But Someone Is
13%
101 Cirque Du Soul
13%
74 In Plain Fright
13%
19 Zero to Murder in Sixty Seconds
13%
116 1967: A Psych Odyssey
12%
66 Not Even Close... Encounters
12%
44 Any Given Friday Night at 10pm, 9pm Central
9%
89 Indiana Shawn and the Temple of the Kinda Crappy, Rusty Old Dagger
9%
37 There Might Be Blood
9%
111 Lock, Stock, Some Smoking Barrels and Burton Guster's Goblet of Fire
8%
113 Remake A.K.A. Cloudy... With a Chance of Improvement
8%
51 The Devil Is in the Details... and the Upstairs Bedroom
8%
83 The Amazing Psych-Man & Tap Man, Issue #2
5%
No matching quizzes found
Score Distribution
Percent of People with Each Score
Percentile by Number Answered
Your Score History
You have not taken this quiz